01247nam a2200325 i 4500003000900000005001700009007000300026008004100029020001300070040003000083082001300113100003900126245011600165264004900281300003800330336002700368337003400395338002800429490003100457500003500488500007100523504003100594590002700625700005100652700005600703910001400759942001400773952011700787999001700904DO-SdBNP20240712152233.0ta240712b2003 sp c 001 0 spa d a84378249 aDO-SdBNPbspacBNPHUerda 4bP9372221 aPreston, Pauleautord1946-98606410aJuan Carlos : bel rey de un pueblo / cPaul Preston ; traducción de Eva Rodriguez Halffter y Gabriel Vazquez aBarcelona, España :bPlaza & Janes,c2003. a654 páginas :bretratosc23 cm. 2rdacontentatextobtxt 2rdamediaasin mediaciónbnc 2rdacarrieravolumenbnc1 aLa línea del horizonte.  aIncluye índice onomástico. aIncluye datos biografícos del autor en la solapa de la portada.  aBibliografía p: 413-421. aInventariado, 2024/ YL1 aRodríguez Halffter, Evaetraducción9119361 aVázquez Torres, Gabriel J., etraducción986074 aYlockward 2ddccLBS1 00102ddc56708GRaBNPHUbBNPHUcCTd2012-07-02eDonación l0oP937p2024-4411r2024-07-12w2024-07-12yLBS1 c57287d57287